00634pam a2200229 a 450000100060000000300060000600500170001200800410002901000160007002000250008603500160011104000230012705000210015008200170017110000240018824500300021226000580024230000210030050400410032163000230036265000190038512727GBCCL20241126110336.0851226s1986 tnu b 00010 eng  a 85031943 a0840755015 :c$12.95 aOCM13010124 aDLCcDLCdm/cdLBB0 aBT886b.E93 19860 a236219bEVA10aEvans, Mike,d1947-14aThe return /cMike Evans.0 aNashville, Tenn. :bThomas Nelson Publishers,cc1986. a236 p. ;c24 cm. aIncludes bibliographical references.00aBiblexProphecies. 0aSecond Advent.